Manual of practical colon classification. (Record no. 93812)
[ view plain ]
| 000 -LEADER | |
|---|---|
| fixed length control field | 00327nam a2200121Ia 4500 |
| 008 - FIXED-LENGTH DATA ELEMENTS--GENERAL INFORMATION | |
| fixed length control field | 210210b1989 xxu||||| |||| 00| 0 eng d |
| 082 ## - DEWEY DECIMAL CLASSIFICATION NUMBER | |
| Classification number | 025.435 SATM |
| 100 ## - MAIN ENTRY--PERSONAL NAME | |
| Personal name | SATIJA (M P). |
| 245 ## - TITLE STATEMENT | |
| Title | Manual of practical colon classification. |
| 260 ## - PUBLICATION, DISTRIBUTION, ETC. | |
| Place of publication, distribution, etc. | ND |
| Name of publisher, distributor, etc. | Sterling Publishers Pvt. Ltd. |
| Date of publication, distribution, etc. | 1989 |
| 300 ## - PHYSICAL DESCRIPTION | |
| Extent | xiv,224 |
| 906 ## - LOCAL DATA ELEMENT F, LDF (RLIN) | |
| a | 044320 |
| Withdrawn status | Lost status | Damaged status | Not for loan | Collection code | Home library | Current library | Date acquired | Cost, normal purchase price | Total Checkouts | Full call number | Barcode | Date last seen | Price effective from | Koha item type |
|---|---|---|---|---|---|---|---|---|---|---|---|---|---|---|
| St Aloysius Library | St Aloysius Library | 02/17/2021 | 0.00 | 025.435 SATM | 044320 | 02/17/2021 | 02/17/2021 | Book |